La construcción estética del estado y de la identidad nacional: prosaica tres
Zapisane w:
| 1. autor: | |
|---|---|
| Format: | Książka |
| Język: | hiszpański |
| Wydane: |
Ciudad de México
Siglo veintiuno
2007
|
| Wydanie: | 1a. ed |
| Seria: | Teoría
|
| Hasła przedmiotowe: | |
| Etykiety: |
Dodaj etykietę
Nie ma etykietki, Dołącz pierwszą etykiete!
|
MARC
| LEADER | 00000nam a2200000 a 4500 | ||
|---|---|---|---|
| 001 | UCH1447 | ||
| 003 | CL-VaPUC | ||
| 008 | 090427e20070000MX |||||||||||||||||spa|d | ||
| 020 | |a 9789682326776 | ||
| 082 | 0 | 4 | |a 320.01 |b MAN |2 21 |
| 100 | |a Mandoki, Katya |e autora |9 547130 | ||
| 245 | 1 | 3 | |a La construcción estética del estado y de la identidad nacional: prosaica tres |
| 250 | |a 1a. ed | ||
| 300 | |a 236 p | ||
| 942 | |c BK | ||
| 945 | |d 20090427 00:00:00 |a rbrito | ||
| 260 | |a Ciudad de México |b Siglo veintiuno |c 2007 | ||
| 650 | 7 | |a TEORIA DE LA POLITICA |2 CL-VaPUC |9 523164 | |
| 650 | 0 | |a Política |9 255312 | |
| 650 | 0 | |a Estado |9 255503 | |
| 650 | 0 | |a Estética |9 264950 | |
| 583 | |a last modification |c 20090427 00:00:00 |k Rodrigo Vera | ||
| 490 | 0 | |a Teoría | |
| 999 | |c 333485 |d 333483 | ||
| 952 | |0 0 |1 0 |4 0 |6 320_010000000000000_MAN_2007 |7 0 |8 R |9 421920 |a BIBGIM |b BIBGIM |d 2019-11-22 |i 4539826 |l 1 |o 320.01 MAN 2007 |p 4539826 |r 2025-01-15 |s 2024-06-03 |w 2019-11-22 |y BK_R |k SSL | ||